SAR Journal Science and Research

Enregistré dans:
Détails bibliographiques
Format: Publication en série
Langue:anglais
Publié: Novi Pazar UIKTEN
Tags: Ajouter un tag
Pas de tags, Soyez le premier à ajouter un tag!

MARC

LEADER 00000nas1a2200000 4500
001 0278740
005 20230421112024.1
022 |a 2619-9963 
022 |a 2619-9955 
041 0 |a eng 
044 |a RS 
245 1 0 |a SAR Journal  |b Science and Research 
264 1 |a Novi Pazar  |b UIKTEN